| 000 | 01160cam a2200361 i 4500 | ||
|---|---|---|---|
| 005 | 20171212141702.0 | ||
| 008 | 060410s1997 pl a f f |001 0 pol c | ||
| 020 | _a8386718781 | ||
| 035 | _azz2006984126 | ||
| 039 | 9 |
_a201609200016 _bAUTHORITY _c201606201055 _dkopilwa _c201406091048 _dvpski _c201311130114 _dVLOAD _y200604101405 _zvbuw94 |
|
| 040 |
_aWA U/94ANK _cWA U/ANK _dWA U/ANK |
||
| 041 | 1 |
_apol _heng |
|
| 100 | 1 | _aPacheco, Xavier. | |
| 245 | 1 | 0 |
_aDelphi 2 / _cXavier Pacheco, Steve Teixeira ; [tł. Andrzej Grażyński]. |
| 246 | 1 |
_iTyt. oryg.: _aDelphi 2 developer's guide |
|
| 260 |
_aGliwice : _bHelion, _ccop. 1997. |
||
| 300 |
_a1254 s. : _bil. ; _c24 cm. |
||
| 490 | 1 | _aVademecum Profesjonalisty | |
| 650 |
_aBorland Delphi (język programowania) _vpodręczniki. |
||
| 700 | 1 |
_aGrażyński, Andrzej. _eTł. |
|
| 700 | 1 | _aTeixeira, Steve. | |
| 710 | 2 |
_aGrupa Wydawnicza Helion. _4pbl |
|
| 830 | 0 | _aVademecum Profesjonalisty | |
| 920 | _a83-86718-78-1 | ||
| 951 | _aKIEL_008 KIEL_010 | ||
| 961 | _aSIEDL_001 WA_310 | ||
| 966 | _aPOZN_31 | ||
| 968 | _aTOR_U | ||
| 970 | _aWA_U | ||
| 971 | _aL_U | ||
| 979 | _aBSTOK_U | ||
| 982 | _aBYDG_22 | ||
| 999 |
_aVIRTUA _c446 _d446 |
||